Представление документа в формате RUSMARC

ПолеНазваниеЗначение
  Тип записи a
  Библиографический уровень m
001 Контрольный номер RU/CBS_UL/BASE/cfd50d8ae29447b383def350c6edcb3b
005 Дата корректировки 20260205095512.5
010 Индекс ISBN __
a ISBN
b Уточнения в пер.
d Цена 150 р. 00 к.
9 Тираж экз.
100 Данные общей обработки __
a Данные общей обработки 20260205d 0rusy0189## ca
101 Язык документа 0_
a Язык текста rus
102 Страна публикации __
a Страна публикации RU
200 Заглавие и сведения об ответственности 1_
a Заглавие Медицинская рентгенология
e Сведения, относящиеся к заглавию технические аспекты, клинические материалы, радиационная безопасность
g Последующие сведения об ответственности под ред. Р. В. Ставицкого
210 Выходные данные 1_
a Место издания Москва
c Издательство МНПИ
d Дата издания 2003
215 Физическое описание __
a Объем 344 с.
c Иллюстрации/тип воспроизводства ил.
d Формат см.
300 Общие примечания __
a Общие примечания 18+
300 Общие примечания __
a Общие примечания Под инв. номером 89428: Ц-1, 4-1, 5-1, 12-1, 18-1, 22-1
606 Тематические рубрики 0_
a Основная рубрика Медицинская радиология и рентгенология
610 Ключевые слова 0_
a Ключевые слова радиология; рентгенология; аспекты технические; материалы клинические; радиационная безопасность; монография
686 Индексы других классификаций __
2 Код системы rubbk
a Классификационный индекс 53.6
801 Источник записи _0
a Страна RU
b Организация МБУК ЦБС г. Ульяновска
c Дата составления 20260205
g Правила каталогизации RCR
801 Источник записи _1
a Страна RU
b Организация МБУК ЦБС г. Ульяновска
c Дата составления 20260205
g Правила каталогизации RCR
852 Данные о местонахождении __
i Авторский знак М 42
j Шифр хранения 53.6
901 Тип документа __
t Тип документа m
909 Создатель записи __
a Создатель записи obr6
b Дата создания записи 20260205